Top Five UFC Fighters By Category #3 - Statistics

General Stats
  • This quiz has been taken 351 times
    166 since last reset
  • The average score is 24 of 31
Answer Stats
Country % Correct
Ilia Topuria
99%
Max Holloway
99%
Conor McGregor
98%
Khabib Nurmagomedov
98%
Demetrious Johnson
97%
Islam Makhachev
97%
Charles Oliveira
96%
Daniel Cormier
96%
Alexandre Pantoja
94%
Dustin Poirier
94%
Jorge Masvidal
93%
Justin Gaethje
91%
Henry Cejudo
90%
Nate Diaz
90%
Anderson Silva
87%
Brandon Moreno
86%
Georges St-Pierre
81%
Deiveson Figueiredo
76%
Quinton Jackson
75%
Royce Gracie
74%
Lyoto Machida
73%
Amanda Nunes
66%
Eddie Alvarez
64%
Randy Couture
63%
B.J. Penn
61%
Rashad Evans
56%
Chael Sonnen
51%
Jose Aldo
50%
Vitor Belfort
43%
Dan Severn
27%
Steve Jennum
13%
No matching quizzes found
Score Distribution
Percent of People with Each Score
Percentile by Number Answered
Your Score History
You have not taken this quiz since the last reset